000
00291nam a22001097a 4500
082
_a
629.13338 DAV'E
100
_a
DAVIS, LEVERETT,FOLLIN, JAMES W,BLITZER, LEON
_9
58862
245
_a
EXTERIOR BALLISTICS OF ROCKETS
260
_a
NEWYORK
_b
D VAN NOSTRAND
_c
1958
300
_a
457P
942
_c
BK
999
_c
568957
_d
568957